| 000 | 00406nam a2200157Ia 4500 | ||
|---|---|---|---|
| 008 | 210719s1963 xx 000 0 und d | ||
| 020 | _a133606511 | ||
| 041 | _aeng | ||
| 082 | _a320.473 BURG | ||
| 100 | _aBURNS (James Macgregor) and PELTASON (Jack Walter) | ||
| 245 | _aGovernment by the people. | ||
| 260 |
_aNJ _bPrentice Hall _c1963 |
||
| 300 | _bHB | ||
| 365 | _cRs | ||
| 650 | _aPolitical Thought | ||
| 999 |
_c212723 _d212723 |
||